[Event "41st WJun"]
[Site "Goa IND"]
[Date "2002.12.09"]
[Round "1"]
[White "Eriksson,Jon SWE"]
[Black "Harikrishna,P"]
[Result "0-1"]
[WhiteElo "2278"]
[BlackElo "2551"]
[EventDate "2002.12.09"]

1. d4 Nf6 2. c4 e6 3. Nf3 Bb4+ 4. Nbd2 b6 5. e3 Bb7 6. Bd3 O-O 7. O-O d6 8.
Qc2 Bxd2 9. Bxd2 c5 10. dxc5 bxc5 11. Bc3 Nbd7 12. Rad1 Qe7 13. Ng5 h6 14.
Ne4 Ne8 15. Ng3 Ne5 16. Be2 Ng6 17. f4 d5 18. cxd5 exd5 19. Nf5 Qe6 20. Bg4
Nh4 21. Nxh4 Qxg4 22. Nf5 d4 23. exd4 Nf6 24. d5 Rfe8 25. Rf3 Nh5 26. Bxg7
Qg6 27. g4 Nxg7 28. Rg3 Rad8 29. d6 Kh7 30. Qxc5 Nxf5 31. gxf5 Qh5 32. Qd4
Rg8 33. Rdd3 Qe2 34. Qc3 Rc8 35. Rxg8 Rxc3 0-1

[Event "41st WJun"]
[Site "Goa IND"]
[Date "2002.12.09"]
[Round "1"]
[White "Erenburg,S"]
[Black "Sangma,R"]
[Result "1-0"]
[WhiteElo "2494"]
[BlackElo "2214"]
[EventDate "2002.12.09"]

1. e4 e6 2. d4 d5 3. e5 c5 4. c3 Qb6 5. Nf3 Nc6 6. a3 c4 7. Nbd2 Na5 8. g3
Bd7 9. h4 h5 10. Bh3 O-O-O 11. O-O Nh6 12. Re1 Kb8 13. Rb1 Be7 14. Nf1 Ka8
15. Qe2 Ba4 16. Bg5 Rd7 17. Ne3 Qd8 18. Bxe7 Qxe7 19. Ng5 g6 20. Ng2 Nc6
21. Nf4 Nd8 22. Kg2 Qe8 23. Rh1 b5 24. Rbe1 a5 25. f3 Nf5 26. Bxf5 gxf5 27.
Ref1 Nc6 28. g4 hxg4 29. fxg4 fxg4 30. Qxg4 Ne7 31. Ne2 Nf5 32. Rxf5 exf5
33. Qxf5 Rb7 34. Qf6 Bc2 35. Ng3 Qd8 1-0

[Event "41st WJun"]
[Site "Goa IND"]
[Date "2002.12.09"]
[Round "1"]
[White "Vuilleumier,A"]
[Black "Wojtaszek,R"]
[Result "0-1"]
[WhiteElo "2193"]
[BlackElo "2452"]
[EventDate "2002.12.09"]

1. e4 c5 2. Nf3 d6 3. Bb5+ Nd7 4. d4 Ngf6 5. Nc3 a6 6. Bxd7+ Nxd7 7. Be3 e6
8. O-O Be7 9. a4 b6 10. Nd2 cxd4 11. Bxd4 O-O 12. Qg4 Bf6 13. Bxf6 Nxf6 14.
Qf4 Qc7 15. Rfd1 Bb7 16. Nf1 Rfd8 17. Rd3 Rd7 18. Rad1 Rad8 19. f3 b5 20.
axb5 axb5 21. Qd2 Bc6 22. Ne3 h6 23. Ne2 d5 24. exd5 Nxd5 25. Nxd5 Rxd5 26.
Rxd5 Rxd5 27. Qe1 Qb6+ 28. Kf1 Rh5 29. Qf2 Qc7 30. Qg3 e5 31. h3 Rg5 32.
Qf2 e4 33. Ng1 b4 34. g4 Re5 35. Qd2 Rd5 36. Qe1 Bb5+ 37. Ne2 Rxd1 38. Qxd1
exf3 0-1

[Event "41st WJun"]
[Site "Goa IND"]
[Date "2002.12.09"]
[Round "1"]
[White "Kristjansson,S"]
[Black "Gopal,G"]
[Result "1-0"]
[WhiteElo "2431"]
[BlackElo "2174"]
[EventDate "2002.12.09"]

1. e4 c5 2. c3 d5 3. exd5 Qxd5 4. d4 Nf6 5. Nf3 Bg4 6. dxc5 Qxd1+ 7. Kxd1
e5 8. b4 e4 9. h3 Bh5 10. g4 Nxg4 11. hxg4 Bxg4 12. Nbd2 exf3 13. Bd3 Nc6
14. Re1+ Be7 15. Kc2 a5 16. b5 Nd8 17. a4 Ne6 18. Ba3 O-O-O 19. Nb3 Bh4 20.
Be4 Ng5 21. Bxb7+ Kxb7 22. Re7+ Kc8 23. b6 Ne6 24. Ra7 Bf5+ 25. Kb2 Be4 26.
Re1 Bd5 27. c4 Bf6+ 28. Kb1 Bb7 29. Nxa5 Bc3 30. c6 Bxa5 31. cxb7+ Kb8 32.
Rxa5 Kxb7 33. Ra7+ Kxb6 34. Rxf7 Rhe8 35. Be7 Nc7 36. Bxd8 Rxe1+ 37. Kc2
Re2+ 38. Kd3 Rxf2 39. Bxc7+ Kc6 40. Bg3 Ra2 41. Rxf3 Ra3+ 42. Ke4 Rxa4 43.
Kd4 Ra7 44. Re3 Rd7+ 45. Kc3 Rf7 46. Re6+ Kc5 1-0

[Event "41st WJun"]
[Site "Goa IND"]
[Date "2002.12.10"]
[Round "2"]
[White "Ghaem Maghami,E"]
[Black "Neelotpal,D"]
[Result "1/2-1/2"]
[WhiteElo "2511"]
[BlackElo "2374"]
[EventDate "2002.12.09"]

1. c4 Nf6 2. Nc3 e5 3. Nf3 Nc6 4. d4 exd4 5. Nxd4 Bb4 6. Bg5 h6 7. Bh4 O-O
8. e3 Ne5 9. Ndb5 Ng6 10. Bxf6 Qxf6 11. a3 Bxc3+ 12. Nxc3 d6 13. Be2 Bd7
14. O-O Bc6 15. Rb1 Rfe8 16. Nd5 Qg5 17. Qd2 Re4 18. f4 Qd8 19. Bd3 Re8 20.
Rbc1 Nf8 21. Rfe1 Nd7 22. e4 Nc5 23. Bc2 a5 24. b4 axb4 25. axb4 Bxd5 26.
cxd5 Nd7 27. Bd3 Re7 28. Qc3 Nf6 29. Qd4 Qd7 30. Ra1 Rae8 31. Re2 c6 32.
dxc6 bxc6 33. Rae1 Qa7 34. Qxa7 Rxa7 35. Rc1 Ra3 36. Re3 Nd5 37. exd5 Rxe3
38. dxc6 Rexd3 39. c7 Rac3 40. c8=Q+ Rxc8 41. Rxc8+ Kh7 1/2-1/2

[Event "41st WJun"]
[Site "Goa IND"]
[Date "2002.12.10"]
[Round "2"]
[White "Russell,MKA"]
[Black "Naveen,R"]
[Result "1/2-1/2"]
[WhiteElo "2243"]
[BlackElo "2099"]
[EventDate "2002.12.09"]

1. e4 e5 2. Nf3 Nc6 3. Bb5 a6 4. Ba4 Nf6 5. O-O b5 6. Bb3 Bc5 7. c3 d6 8.
d4 Bb6 9. a4 Rb8 10. Na3 Bg4 11. axb5 axb5 12. Nxb5 O-O 13. Kh1 exd4 14.
cxd4 Bxf3 15. gxf3 Nxd4 16. Nxd4 Bxd4 17. Bxf7+ Rxf7 18. Qxd4 Nh5 19. Ra3
Qh4 20. Rg1 Qh3 21. Qd5 Rbf8 22. Bg5 c6 23. Qxc6 Qe6 24. Be3 Rxf3 25. Ra5
Nf4 26. Ra7 Ng6 27. e5 Qxe5 28. Qc4+ d5 29. Qg4 Qe4 30. Qxe4 dxe4 31. Rg4
Re8 32. b4 Rf5 33. Bd4 Rf7 34. b5 Rxa7 35. Bxa7 Kf7 36. b6 Re7 37. Bb8 Rb7
38. Bc7 Ne7 1/2-1/2

[Event "41st WJun"]
[Site "Goa IND"]
[Date "2002.12.10"]
[Round "3"]
[White "McShane,L"]
[Black "Wojtaszek,R"]
[Result "1-0"]
[WhiteElo "2546"]
[BlackElo "2452"]
[EventDate "2002.12.09"]

1. d4 Nf6 2. Bg5 Ne4 3. Bf4 c5 4. f3 Qa5+ 5. c3 Nf6 6. d5 Qb6 7. Bc1 e6 8.
c4 exd5 9. cxd5 d6 10. e4 g6 11. Ne2 Bg7 12. Nec3 O-O 13. Be2 Nbd7 14. O-O
a6 15. a4 Rb8 16. Kh1 Qd8 17. Be3 Re8 18. Na3 h6 19. Qd2 Kh7 20. Rab1 Nh5
21. g4 Nhf6 22. h3 Ne5 23. Rf2 g5 24. f4 gxf4 25. Bxf4 b5 26. axb5 axb5 27.
Naxb5 Ba6 28. Na3 Bxe2 29. Qxe2 Nfd7 30. Nc2 c4 31. Bd2 Kg8 32. Rf5 Nc5 33.
g5 hxg5 34. Rxg5 Ng6 35. Rg4 Nd3 36. Ne3 Nde5 37. Rg3 Bf6 38. Nf5 Rb7 39.
Qh5 Ree7 40. h4 Nd3 41. Qf3 Bxc3 42. Bxc3 Rxe4 43. h5 Rh4+ 44. Nxh4 Qxh4+
45. Kg1 Ndf4 46. Re1 1-0

[Event "41st WJun"]
[Site "Goa IND"]
[Date "2002.12.11"]
[Round "4"]
[White "Rohit,G"]
[Black "Mastrovasilis,D"]
[Result "1/2-1/2"]
[WhiteElo "2319"]
[BlackElo "2461"]
[EventDate "2002.12.09"]

1. e4 e5 2. Nc3 Nf6 3. Bc4 Nc6 4. d3 Bb4 5. Nge2 d5 6. exd5 Nxd5 7. O-O
Bxc3 8. Nxc3 Nxc3 9. bxc3 O-O 10. f4 Na5 11. Bb3 Nxb3 12. axb3 exf4 13.
Bxf4 c6 14. Qd2 Bg4 15. Rfe1 1/2-1/2

[Event "41st WJun"]
[Site "Goa IND"]
[Date "2002.12.11"]
[Round "4"]
[White "Tiwari,Ar"]
[Black "Li Qun"]
[Result "1/2-1/2"]
[WhiteElo "2154"]
[BlackElo "2320"]
[EventDate "2002.12.09"]

1. e4 c5 2. Nc3 Nc6 3. f4 e6 4. Nf3 d5 5. d3 dxe4 6. dxe4 Qxd1+ 7. Nxd1 b6
8. Bb5 Bb7 9. Ne5 Nge7 10. Nxc6 Nxc6 11. c3 O-O-O 12. Nf2 a6 13. Be2 e5 14.
f5 g6 15. g4 gxf5 16. gxf5 Rg8 17. Bh5 Rd7 18. Be3 Nd8 19. Ke2 Be7 20. Rag1
Rh8 21. Bh6 c4 22. Rd1 Rxd1 23. Rxd1 Rg8 24. Kf3 Kc7 25. Ng4 f6 26. Ne3 b5
27. a4 bxa4 28. Nxc4 Bc6 29. Be3 Nb7 30. Bf7 Rf8 31. Bb6+ Kb8 32. Bd5 Bxd5
33. Rxd5 Rc8 34. Rd7 Rxc4 35. Rxe7 Nd6 1/2-1/2

[Event "41st WJun"]
[Site "Goa IND"]
[Date "2002.12.12"]
[Round "6"]
[White "Erenburg,S"]
[Black "Miton,K"]
[Result "1/2-1/2"]
[WhiteElo "2494"]
[BlackElo "2564"]
[EventDate "2002.12.09"]

1. e4 c6 2. d4 d5 3. e5 Bf5 4. Nf3 e6 5. Be2 Ne7 6. O-O c5 7. Na3 Nec6 8.
c4 cxd4 9. cxd5 Bxa3 10. dxc6 Nxc6 11. Qb3 d3 12. Rd1 Qb6 13. Qxb6 axb6 14.
Bxd3 O-O-O 15. Be2 Rxd1+ 16. Bxd1 Rd8 17. Bb3 Na5 18. Bg5 Bxb2 19. Bxd8
Bxa1 20. Bxb6 Nc6 21. Nh4 Be4 22. f3 Bb1 23. f4 Nd4 24. Bc4 Kd7 25. Nf3
Nxf3+ 26. gxf3 Kc6 27. Be3 b5 28. Bb3 Bd3 29. a4 bxa4 1/2-1/2

[Event "41st WJun"]
[Site "Goa IND"]
[Date "2002.12.13"]
[Round "7"]
[White "Asauskas,H"]
[Black "Erenburg,S"]
[Result "0-1"]
[WhiteElo "2331"]
[BlackElo "2494"]
[EventDate "2002.12.09"]

1. e4 c6 2. d4 d5 3. Nc3 dxe4 4. Nxe4 Nd7 5. Ng5 Ngf6 6. Bd3 e6 7. Qe2 Bd6
8. N1f3 h6 9. Ne4 Nxe4 10. Qxe4 Nf6 11. Qe2 Qc7 12. Bd2 b6 13. O-O-O Bb7
14. Kb1 O-O-O 15. Ba6 Rhe8 16. Ne5 Re7 17. Bxb7+ Qxb7 18. Qf3 Bxe5 19. dxe5
Ne8 20. c4 Red7 21. Bc3 Rxd1+ 22. Rxd1 Rxd1+ 23. Qxd1 c5 24. f3 Qe7 25. Qe2
Nc7 26. a3 Qd7 27. Qd2 Qd4 28. Qf4 Nd5 29. Qd2 Qxc4 0-1

[Event "41st WJun"]
[Site "Goa IND"]
[Date "2002.12.13"]
[Round "7"]
[White "Simutowe,A"]
[Black "Ganguly,S"]
[Result "1/2-1/2"]
[WhiteElo "2383"]
[BlackElo "2531"]
[EventDate "2002.12.09"]

1. Nf3 d5 2. d4 Nf6 3. c4 dxc4 4. e3 e6 5. Bxc4 c5 6. O-O a6 7. dxc5 Qxd1
8. Rxd1 Bxc5 9. Nbd2 b6 10. Be2 Bb7 11. Nb3 Be7 12. Nfd4 Nbd7 13. f3 O-O
14. e4 Rfc8 15. Be3 Nc5 16. Nxc5 Bxc5 17. Kf2 Rd8 18. a3 a5 19. Rac1 Kf8
20. g4 Rac8 21. h4 Ne8 22. Nb5 Rxd1 23. Rxd1 Ke7 24. Nc3 Bxe3+ 25. Kxe3 Nd6
26. e5 Nc4+ 27. Bxc4 Rxc4 28. Rd6 Rc6 29. Rxc6 Bxc6 30. b4 axb4 31. axb4 f6
32. b5 Be8 33. f4 fxe5 34. fxe5 Kd7 35. h5 Kd8 36. Kd4 h6 37. Kc4 Kc7 38.
Ne4 Kd8 39. Nd6 Kd7 40. Kd4 Kd8 41. Ke3 Kd7 42. Kf2 Kd8 43. Kg3 Kd7 44. Kh4
Kd8 45. Nb7+ Kc7 46. Nd6 Kd8 47. g5 Kd7 48. g6 Kd8 49. Kg4 Kd7 50. Kf4 Kd8
51. Ke4 Kd7 52. Kd4 Kd8 53. Kc3 Kd7 54. Kb4 Kd8 55. Nc4 Kc7 56. Ne3 Kd8 57.
Ng4 Kd7 58. Kb3 Kd8 59. Kc4 Kd7 60. Nf2 Kd8 61. Ne4 Kd7 1/2-1/2

[Event "41st WJun"]
[Site "Goa IND"]
[Date "2002.12.13"]
[Round "7"]
[White "Potkin,V"]
[Black "Bu Xiangzhi"]
[Result "1/2-1/2"]
[WhiteElo "2495"]
[BlackElo "2601"]
[EventDate "2002.12.09"]

1. e4 c5 2. c3 d5 3. exd5 Qxd5 4. d4 Nf6 5. Nf3 Bg4 6. dxc5 Qxc5 7. Na3 a6
8. Be3 Qc7 9. Qa4+ Nbd7 10. Bf4 Qc8 11. Ne5 e6 12. Nxg4 Nxg4 13. Bg3 Ngf6
14. Nb1 Be7 15. Nd2 O-O 16. Be2 b5 17. Qc2 b4 18. c4 Nc5 19. O-O Rd8 20.
Rfd1 1/2-1/2

[Event "41st WJun"]
[Site "Goa IND"]
[Date "2002.12.13"]
[Round "7"]
[White "Neelotpal,D"]
[Black "Jeremic,V"]
[Result "1-0"]
[WhiteElo "2374"]
[BlackElo "2487"]
[EventDate "2002.12.09"]

1. e4 e6 2. d4 d5 3. Nc3 Nf6 4. e5 Nfd7 5. f4 c5 6. Nf3 Nc6 7. Be3 a6 8.
Qd2 b5 9. h4 b4 10. Ne2 Qb6 11. g4 h5 12. gxh5 Rxh5 13. Bh3 cxd4 14. Nexd4
Nxd4 15. Nxd4 Bc5 16. O-O-O a5 17. Qg2 g6 18. Bg4 b3 19. cxb3 a4 20. Bxh5
axb3 21. a3 gxh5 22. f5 Nf8 23. fxe6 Bxe6 24. Kb1 Bxd4 25. Rxd4 Qc5 26. Qf2
Qc8 27. Rc1 Bf5+ 28. Ka1 Bc2 29. Qd2 Ne6 30. Rxd5 Qc4 31. Ra5 Rd8 32. Qf2
Qe4 33. Ra7 Qg6 34. Bc5 Nxc5 35. Qxc5 Qe6 36. Rb7 Rc8 37. Qd6 Rd8 38. Qxe6+
fxe6 39. Rg1 Kf8 40. Rgg7 1-0